| 000 | 00840nam a22001937a 4500 | ||
|---|---|---|---|
| 008 | 100225t xxu||||| |||| 00| 0 eng d | ||
| 020 | _a9780444532107 | ||
| 082 |
_222 _a622.3381 _bBEL |
||
| 100 |
_bBellarby, Jonathan. _911897 |
||
| 245 |
_aWell Completion Design / _cBy Jonathan Bellarby. |
||
| 260 |
_aAmsterdam ; _aLondon; _bElsevier, _cc.2009. |
||
| 300 |
_aXiii, 711 p. : _b ill. (chiefly col.) ; _c25 cm. |
||
| 440 |
_a( Developments in petroleum science, _n ISSN 0376-7361 ; 56 _911898 |
||
| 500 | _aIncludes Index. | ||
| 500 | _aIncludes Bibliographical Refrences. | ||
| 650 |
_aOil well completion. _911899 |
||
| 942 |
_2ddc _cBB |
||
| 999 |
_c13507 _d13507 |
||